El Ateneo de Madrid y Cancioneros Musicales Españoles presentan (Record no. 189010)
[ view plain ]
| 000 -LEADER | |
|---|---|
| campo de control de longitud fija | 01094nam a2200241 i 4500 |
| 001 - NÚMERO DE CONTROL | |
| campo de control | 189010 |
| 003 - IDENTIFICADOR DE NÚMERO DE CONTROL | |
| campo de control | ES-MaACL |
| 005 - FECHA Y HORA DE LA ÚLTIMA TRANSACCIÓN | |
| campo de control | 20240606193540.0 |
| 008 - DATOS DE LONGITUD FIJA--INFORMACIÓN GENERAL | |
| campo de control de longitud fija | 190320s2017 sp |||| | spa d |
| 245 03 - MENCIÓN DEL TÍTULO | |
| Título | El Ateneo de Madrid y Cancioneros Musicales Españoles presentan |
| Resto del título | : ¡Qué pícaro era Palacio! : domingo 9 de julio de 2017... Ateneo... / |
| Mención de responsabilidad, etc. | intérpretes, Aura Armónica, Ensemble La Danserye, Cuarteto Vihuelas de Arco ; coordinación musical, Aldo Cano Conesa. |
| 246 3# - FORMA VARIANTE DEL TITULO | |
| Título propio/Titulo breve | Qué pícaro era Palacio |
| Resto del título | : [programa] |
| 260 ## - PUBLICACIÓN, DISTRIBUCIÓN, ETC. | |
| Lugar de publicación, distribución, etc. | [Madrid : |
| Nombre del editor, distribuidor, etc. | Ateneo de Madrid : |
| -- | Asociación Cultural More Hispano, |
| Fecha de publicación, distribución, etc. | 2017] |
| 300 ## - DESCRIPCIÓN FÍSICA | |
| Extensión | [12] p. ; |
| Dimensiones | 21 cm. |
| 594 ## - Nota al título y mención de responsabilidad | |
| Nota al título y mención de responsabilidad | Programa del concierto celebrado en el Ateneo de Madrid, el domingo 9 de julio de 2017, a las 19:00 horas. |
| 610 24 - PUNTO DE ACCESO ADICIONAL DE MATERIA--NOMBRE DE ENTIDAD CORPORATIVA | |
| Nombre de entidad corporativa o nombre de jurisdicción como elemento de entrada | Ateneo de Madrid- |
| Subdivisión general | Conciertos- |
| Subdivisión cronológica | S.XXI. |
| 9 (RLIN) | 170898 |
| 650 #4 - PUNTO DE ACCESO ADICIONAL DE MATERIA--TÉRMINO DE MATERIA | |
| Término de materia o nombre geográfico como elemento de entrada | Música- |
| Subdivisión general | Programas. |
| 9 (RLIN) | 170037 |
| 710 2# - ENTRADA AGREGADA--NOMBRE DE ENTIDAD CORPORATIVA | |
| Nombre de entidad corporativa o nombre de jurisdicción como elemento de entrada | Ateneo de Madrid. |
| 9 (RLIN) | 1875 |
| 710 2# - ENTRADA AGREGADA--NOMBRE DE ENTIDAD CORPORATIVA | |
| Nombre de entidad corporativa o nombre de jurisdicción como elemento de entrada | Asociación Cultural More Hispano. |
| 9 (RLIN) | 166629 |
| 852 ## - LOCALIZACIÓN | |
| Ubicación | ES-MaACL |
| Número de control de estantería | 2338-F-16 |
| 852 ## - LOCALIZACIÓN | |
| Ubicación | ES-MaACL |
| Número de control de estantería | 2338-F-17 |
| 942 ## - ELEMENTOS DE ENTRADA SECUNDARIOS (KOHA) | |
| Fuente del sistema de clasificación o colocación | Clasificación decimal universal |
| Estatus retirado | Estado de pérdida | Estado de daño | No para préstamo | Colección | Biblioteca de origen | Biblioteca actual | Ubicación en estantería | Fecha de adquisición | Fuente de adquisición | Total de préstamos | Signatura topográfica completa | Código de barras | Visto por última vez | Precio de reemplazo | Tipo de ítem Koha |
|---|---|---|---|---|---|---|---|---|---|---|---|---|---|---|---|
| Colección de folletos | Biblioteca del Ateneo de Madrid | Biblioteca del Ateneo de Madrid | Depósito folletos | 20/03/2019 | 2338-F-17 | 1200178 | 23/02/2023 | 23/02/2023 | Folleto | ||||||
| Colección de folletos | Biblioteca del Ateneo de Madrid | Biblioteca del Ateneo de Madrid | Depósito folletos | 20/03/2019 | 2338-F-16 | 1200177 | 23/02/2023 | 23/02/2023 | Folleto |
